<?xml version="1.0" encoding="UTF-8"?>
<record
    xmlns:xsi="http://www.w3.org/2001/XMLSchema-instance"
    xsi:schemaLocation="http://www.loc.gov/MARC21/slim http://www.loc.gov/standards/marcxml/schema/MARC21slim.xsd"
    xmlns="http://www.loc.gov/MARC21/slim">

  <leader>00472nam a22001817a 4500</leader>
  <controlfield tag="005">20260423133309.0</controlfield>
  <controlfield tag="008">260423b        |||||||| |||| 00| 0 eng d</controlfield>
  <datafield tag="020" ind1=" " ind2=" ">
    <subfield code="a">9789381714508</subfield>
    <subfield code="c">695.00</subfield>
  </datafield>
  <datafield tag="040" ind1=" " ind2=" ">
    <subfield code="a">MAIN</subfield>
  </datafield>
  <datafield tag="041" ind1=" " ind2=" ">
    <subfield code="a">English</subfield>
  </datafield>
  <datafield tag="082" ind1=" " ind2=" ">
    <subfield code="a">620.5</subfield>
    <subfield code="b">ANA</subfield>
  </datafield>
  <datafield tag="100" ind1=" " ind2=" ">
    <subfield code="a"> Anand, Rishabh E.</subfield>
    <subfield code="9">26709</subfield>
  </datafield>
  <datafield tag="245" ind1=" " ind2=" ">
    <subfield code="a">Essentials Of Nanotechnology</subfield>
  </datafield>
  <datafield tag="260" ind1=" " ind2=" ">
    <subfield code="a">New Delhi </subfield>
    <subfield code="b">MedTech Science Press </subfield>
    <subfield code="c">2014</subfield>
  </datafield>
  <datafield tag="300" ind1=" " ind2=" ">
    <subfield code="a">237</subfield>
  </datafield>
  <datafield tag="650" ind1=" " ind2=" ">
    <subfield code="a">Commerce (PM USHA)</subfield>
    <subfield code="9">26705</subfield>
  </datafield>
  <datafield tag="942" ind1=" " ind2=" ">
    <subfield code="c">BK</subfield>
  </datafield>
  <datafield tag="999" ind1=" " ind2=" ">
    <subfield code="c">60705</subfield>
    <subfield code="d">60705</subfield>
  </datafield>
  <datafield tag="952" ind1=" " ind2=" ">
    <subfield code="0">0</subfield>
    <subfield code="1">0</subfield>
    <subfield code="2">ddc</subfield>
    <subfield code="4">0</subfield>
    <subfield code="6">620_500000000000000_ANA</subfield>
    <subfield code="7">0</subfield>
    <subfield code="9">93703</subfield>
    <subfield code="a">MAIN</subfield>
    <subfield code="b">MAIN</subfield>
    <subfield code="d">2026-04-23</subfield>
    <subfield code="l">0</subfield>
    <subfield code="o">620.5 ANA</subfield>
    <subfield code="p">32782</subfield>
    <subfield code="r">2026-04-23</subfield>
    <subfield code="w">2026-04-23</subfield>
    <subfield code="y">BK</subfield>
  </datafield>
  <datafield tag="952" ind1=" " ind2=" ">
    <subfield code="0">0</subfield>
    <subfield code="1">0</subfield>
    <subfield code="2">ddc</subfield>
    <subfield code="4">0</subfield>
    <subfield code="6">620_500000000000000_ANA</subfield>
    <subfield code="7">0</subfield>
    <subfield code="9">93704</subfield>
    <subfield code="a">MAIN</subfield>
    <subfield code="b">MAIN</subfield>
    <subfield code="d">2026-04-23</subfield>
    <subfield code="l">0</subfield>
    <subfield code="o">620.5 ANA</subfield>
    <subfield code="p">32783</subfield>
    <subfield code="r">2026-04-23</subfield>
    <subfield code="w">2026-04-23</subfield>
    <subfield code="y">BK</subfield>
  </datafield>
  <datafield tag="952" ind1=" " ind2=" ">
    <subfield code="0">0</subfield>
    <subfield code="1">0</subfield>
    <subfield code="2">ddc</subfield>
    <subfield code="4">0</subfield>
    <subfield code="6">620_500000000000000_ANA</subfield>
    <subfield code="7">0</subfield>
    <subfield code="9">93705</subfield>
    <subfield code="a">MAIN</subfield>
    <subfield code="b">MAIN</subfield>
    <subfield code="d">2026-04-23</subfield>
    <subfield code="l">0</subfield>
    <subfield code="o">620.5 ANA</subfield>
    <subfield code="p">32784</subfield>
    <subfield code="r">2026-04-23</subfield>
    <subfield code="w">2026-04-23</subfield>
    <subfield code="y">BK</subfield>
  </datafield>
</record>
